বঙ্গবন্ধুর মানবাধিকার দর্শন : (Record no. 6009)
[ view plain ]
| 000 -LEADER | |
|---|---|
| fixed length control field | 00886nam a22001937a 4500 |
| 003 - CONTROL NUMBER IDENTIFIER | |
| control field | BUBTL |
| 008 - FIXED-LENGTH DATA ELEMENTS--GENERAL INFORMATION | |
| fixed length control field | 190430b xxu||||| |||| 00| 0 eng d |
| 020 ## - INTERNATIONAL STANDARD BOOK NUMBER | |
| International Standard Book Number | 984-70124-01750 |
| 082 ## - DEWEY DECIMAL CLASSIFICATION NUMBER | |
| Classification number | 954.92 / HOB |
| 100 ## - MAIN ENTRY--PERSONAL NAME | |
| 9 (RLIN) | 2309 |
| Personal name | হোসেন, আবু মো. দেলোয়ার |
| 245 ## - TITLE STATEMENT | |
| Title | বঙ্গবন্ধুর মানবাধিকার দর্শন : |
| Remainder of title | বক্তৃতার সারসংক্ষেপ ও সংবাদ- ভাষ্য / |
| Statement of responsibility, etc. | আবু মো. দেলোয়ার হোসেন |
| 260 ## - PUBLICATION, DISTRIBUTION, ETC. (IMPRINT) | |
| Place of publication, distribution, etc. | ঢাকা : |
| Name of publisher, distributor, etc. | জাতীয় মানবাধিকার কমিশন, |
| Date of publication, distribution, etc. | c2013 |
| 300 ## - PHYSICAL DESCRIPTION | |
| Extent | 27 p. : |
| Dimensions | 22 cm. |
| 650 #0 - SUBJECT ADDED ENTRY--TOPICAL TERM | |
| 9 (RLIN) | 1755 |
| Topical term or geographic name as entry element | মুক্তিযুদ্ধ |
| 700 ## - ADDED ENTRY--PERSONAL NAME | |
| 9 (RLIN) | 2310 |
| Personal name | উল্লাহ, মো.রহমত |
| 856 ## - ELECTRONIC LOCATION AND ACCESS | |
| Password | 0 |
| Logon | 0 |
| Link text | Download |
| 942 ## - ADDED ENTRY ELEMENTS (KOHA) | |
| Source of classification or shelving scheme | |
| Koha item type | Books |
| Withdrawn status | Lost status | Source of classification or shelving scheme | Damaged status | Not for loan | Collection code | Permanent location | Current location | Shelving location | Date acquired | Inventory number | Total Checkouts | Full call number | Barcode | Date last seen | Copy number | Price effective from | Koha item type |
|---|---|---|---|---|---|---|---|---|---|---|---|---|---|---|---|---|---|
| Fiction | Bangladesh University of Business and Technology Library | Bangladesh University of Business and Technology Library | Fiction | 02/11/2015 | 20170 | 954.92 / HOB | BUBTL-200320170 | 04/30/2019 | C-1 | 04/30/2019 | Books |
